Pressburger Zeitung

Nemecký týždenník, neskoršie denník (od roku 1880 dvakrát denne), ktorý znamená začiatok nemeckého novinárstva na našom území a neustále vychádzal až do roku 1929. Spočiatku bol len spravodajskými novinami, postupne sa premieňal na politicko-spoločenské noviny vždy s programom vládnúcej ideológie...

Full description

Bibliographic Details
New Title:Pressburger Zeitung Tagblatt
Format: Newspaper
Language:German
PhysicalDescription:166 zv. 23 cm
Published: Bratislava Johann Michael Landerer 1764-1929
Bratislava Landerersche Erben
Bratislava Simon Peter Weber
Bratislava S. P. Weber und Sohn
Bratislava Carl F. Snischek
Bratislava Carl Friedrich Wigand
Bratislava Ignácz A. Schaiba
Bratislava [M. v. Barich]
Bratislava Michael v. Barich
Bratislava M. v. Barich a dr. H. Lőw
Bratislava H. Lőw
Bratislava jun. C. F. Wigand
Bratislava Alois Schreiber
Bratislava Carl Angermayer
Bratislava Daniel Molec a maj. Carl Angermayer
Bratislava Carl Angermayer (vormals Alojs Schreiber)
Bratislava Pressburger Zeitung Druck und Verlags-kommandit - Gesellschaft
Bratislava
ISSN:1337-7442

MARC

LEADER 00000cas a22000004a 4500
001 vtls010299447
003 SK-MaSNL
005 20260221121502.0
008 110809d17641929xo dr|n 0 b0ger
022 |a 1337-7442 
040 |a SNK  |b slo  |c SNK  |e AACR2 
041 0 |a ger 
044 |a xo  |c SK 
222 0 |a Pressburger Zeitung  |b (Bratislava) 
245 0 0 |a Pressburger Zeitung 
246 1 3 |a K. K. Priv. Städt. Pressburger Zeitung  |f 1.7.1812-1832 
246 1 3 |a Städtische Pressburger Zeitung  |f 1.7.1812-1832 
246 1 3 |a K. freistädtische Pressburger Zeitung  |f 1.1.1837-1848 
246 1 3 |a Städtische Pressburger Zeitung  |f 1.1.1861-1876 
246 1 3 |a Pressburger Zeitung - Morgenblatt  |f 1919-1929 
246 1 3 |a Pressburger Zeitung - Abendblatt  |f 1919-1929 
260 |a Bratislava  |b Johann Michael Landerer  |c 1764-1929 
260 2 |3 32/1810-52/1812  |a Bratislava  |b Landerersche Erben 
260 2 |3 53/1812-3/1813  |a Bratislava  |b Simon Peter Weber 
260 2 |3 4/1813-1819  |a Bratislava  |b S. P. Weber und Sohn 
260 2 |3 1820-1824  |a Bratislava  |b Carl F. Snischek 
260 2 |3 1825-1837  |a Bratislava  |b Carl Friedrich Wigand 
260 2 |3 1838-1843  |a Bratislava  |b Ignácz A. Schaiba 
260 2 |3 1/1844-36/1844  |a Bratislava  |b [M. v. Barich] 
260 2 |3 37/1844-43/1848  |a Bratislava  |b Michael v. Barich 
260 2 |3 44/1848  |a Bratislava  |b M. v. Barich a dr. H. Lőw 
260 2 |3 45/1848  |a Bratislava  |b H. Lőw 
260 2 |3 Jul 1848-1861  |a Bratislava  |b jun. C. F. Wigand 
260 2 |3 1862-1873  |a Bratislava  |b Alois Schreiber 
260 2 |3 1874-1883  |a Bratislava  |b Carl Angermayer 
260 2 |3 1884  |a Bratislava  |b Daniel Molec a maj. Carl Angermayer 
260 2 |3 1885-1918  |a Bratislava  |b Carl Angermayer 
260 2 |3 1919-212/1924  |a Bratislava  |b Carl Angermayer (vormals Alojs Schreiber) 
260 3 |3 213/1924-1929  |a Bratislava  |b Pressburger Zeitung Druck und Verlags-kommandit - Gesellschaft 
300 |a 166 zv.  |c 23 cm 
310 |a Denne  |b 280/1918-1929 
321 |a Denne  |b 1877-279/1880 
321 |a 2x denne  |b 162/1876-393/1876 
321 |a Denne  |b 1848-161/1876 
321 |a 3x týždenne  |b 1842-1847 
321 |a 2x týždenne  |b 1764-1841 
321 |a 2x denne  |b 280/1880-1918 
362 0 |a Roč. I, č. 1 (1764)-roč. CLXVI (1929) 
500 |a Redaktori sa menia 
500 |a Vydavatelia sa menia 
500 |a Tlačiari sa menia 
500 |a Mal prílohy roku 1767-1769 Der Freund der Tugend, roku 1770 Der vernünftige Zeitvertreiber, roku 1771-73 Pressburgisches Wochenblatt, roku 1783 Historisch-Kritisch-moralisch-politische Beyträge, roku 1789-1810 Neuwieder Zeitung pod rozličnými názvami: Politische Gespräche der Todten, Aus dem Reiche der Todten, Das Reich der Todten, atď., roku 1791 Lesekabinet, roku 1798-99 Allgemeine deutsche Theaterzeitung, roku 1790-1848 Intelligenzblatt für Ungarn (skôr rubrika!), roku 1813-26 Unterhaltungsblatt, roku 1827-36 Pressburger Aehrenlese, roku 1837-49 Pannonia, roku 1841 Modebilder, roku 1877-1902 Illustriertes Sonntagsblatt (Stuttgart), roku 1884 Winzer Zeitung 
500 |a Zmena podnázvu: od CLVI (1919) Unabhängiges Tagblatt. Gegründet 1764 
500 |a Od roč. CLVI (1919) vychádzalo ranné vydanie s podnázvom Morgenblatt a večerné Abendblatt. Ranné vydanie je spracované do 25. augusta 1929 
520 |a Nemecký týždenník, neskoršie denník (od roku 1880 dvakrát denne), ktorý znamená začiatok nemeckého novinárstva na našom území a neustále vychádzal až do roku 1929. Spočiatku bol len spravodajskými novinami, postupne sa premieňal na politicko-spoločenské noviny vždy s programom vládnúcej ideológie 
580 |a Večerné vydanie od augusta 1929 pokračuje pod názvom Neues Pressburger Tagblatt 
770 0 |t Freund der Tugend 
770 0 |t Vernünftige Zeitvertreiber 
770 0 |t Pressburgisches Wochenblatt 
770 0 |t Historisch-Kritisch-moralisch-politische Beyträge 
770 0 |t Neuwieder Zeitung 
770 0 |t Politische Gespräche der Todten 
770 0 |t Aus dem Reiche der Todten  |w vtls001339567 
770 0 |t Reich der Todten 
770 0 |t Lesekabinet 
770 0 |t Allgemeine deutsche Theaterzeitung 
770 0 |t Intelligenzblatt für Ungarn 
770 0 |t Unterhaltungsblatt 
770 0 |t Pressburger Aehrenlese 
770 0 |t Pannonia 
770 0 |t Modebilder 
770 0 |t Illustriertes Sonntagsblatt (Stuttgart) 
770 0 |t Winzer Zeitung 
785 0 0 |t Pressburger Zeitung Tagblatt 
910 |a snk 
910 |a snmk 
999 |c 7969  |d 9899 
952 |0 0  |1 0  |4 0  |7 0  |a SNK  |b SNK  |d 2002-10-08  |l 0  |o snkČSB 329/1804 D1  |p 17A0358040  |r 2005-01-02 00:00:00  |w 2026-02-21  |y PREZ 
952 |0 0  |1 0  |4 0  |7 0  |a SNK  |b SNK  |d 2006-12-06  |l 0  |o snkČSB 329/129/1892  |p 17A0358465  |r 2026-02-21 20:04:35  |w 2026-02-21  |y PREZ  |z Jahr. 128, nr. 265, 312, (1892) 
952 |0 0  |1 0  |4 0  |7 0  |a SNK  |b SNK  |d 2006-12-06  |l 0  |o snkČSB 329/130/1893  |p 17A0358547  |r 2026-02-21 20:04:35  |w 2026-02-21  |y PREZ  |z Jahr. 130, nr. 315, (1893) 
952 |0 0  |1 0  |4 0  |7 0  |a SNK  |b SNK  |d 2006-12-06  |l 0  |o snkČSB 329/131/1894  |p 17A0358122  |r 2026-02-21 20:04:35  |w 2026-02-21  |y PREZ  |z Jahr. 131, nr. 18-192 neúpl., (1894) 
952 |0 0  |1 0  |4 0  |7 0  |a SNK  |b SNK  |d 2006-12-06  |l 0  |o snkČSB 329/133/1896  |p 17A0358120  |r 2026-02-21 20:04:35  |w 2026-02-21  |y PREZ  |z Jahr. 133, nr. 74, 110, 119, (1896) 
952 |0 0  |1 0  |4 0  |7 0  |a SNK  |b SNK  |d 2006-12-06  |l 0  |o snkČSB 329/144/1907  |p 17A0358464  |r 2026-02-21 20:04:35  |w 2026-02-21  |y PREZ  |z Jahr. 144, nr. 1, 316, (1907) 
952 |0 0  |1 0  |4 0  |7 0  |a SNK  |b SNK  |d 2006-12-06  |l 0  |o snkČSB 329/147/1910  |p 17A0358461  |r 2026-02-21 20:04:36  |w 2026-02-21  |y PREZ  |z Jahr. 147, nr. 133, (1910) 
952 |0 0  |1 0  |4 0  |7 0  |a SNK  |b SNK  |d 2006-12-06  |l 0  |o snkČSB 329/150/1913  |p 17A0358659  |r 2026-02-21 20:04:36  |w 2026-02-21  |y PREZ  |z Jahr. 150, nr. 134-139 neúpl. (1913) 
952 |0 0  |1 0  |4 0  |7 0  |a SNK  |b SNK  |d 2006-12-06  |l 0  |o snkČSB 329/151/1914  |p 17A0358500  |r 2026-02-21 20:04:36  |w 2026-02-21  |y PREZ  |z Jahr. 151, nr. 177-186, (1914) 
952 |0 0  |1 0  |4 0  |7 0  |a SNK  |b SNK  |d 2006-12-06  |l 0  |o snkČSB 329/1834  |p 17A0358043  |r 2026-02-21 20:05:18  |w 2026-02-21  |y PREZ  |z č. 1-102. (1834) 
952 |0 0  |1 0  |4 0  |7 0  |a SNK  |b SNK  |d 2006-12-06  |l 0  |o snkČSB 329/1834 D1  |p 17A0358469  |r 2026-02-21 20:05:18  |w 2026-02-21  |y PREZ  |z č. 1-102, (1834) 
952 |0 0  |1 0  |4 0  |7 0  |a SNK  |b SNK  |d 2006-12-06  |l 0  |o snkČSB 329/1835 D1  |p 17A0358060  |r 2026-02-21 20:05:18  |w 2026-02-21  |y PREZ  |z č. 1-102, (1835) 
952 |0 0  |1 0  |4 0  |7 0  |a SNK  |b SNK  |d 2006-12-06  |l 0  |o snkČSB 329/1836 D1  |p 17A0358409  |r 2026-02-21 20:05:21  |w 2026-02-21  |y PREZ  |z č. 1-51, (1836/1) 
952 |0 0  |1 0  |4 0  |7 0  |a SNK  |b SNK  |d 2006-12-06  |l 0  |o snkČSB 329/1837  |p 17A0358047  |r 2026-02-21 20:05:21  |w 2026-02-21  |y PREZ  |z č. 1-104, (1837) 
952 |0 0  |1 0  |4 0  |7 0  |a SNK  |b SNK  |d 2006-12-06  |l 0  |o snkČSB 329/1838  |p 17A0358050  |r 2026-02-21 20:05:21  |w 2026-02-21  |y PREZ  |z č. 1-104, ch. č. 102, (1838) 
952 |0 0  |1 0  |4 0  |7 0  |a SNK  |b SNK  |d 2006-12-06  |l 0  |o snkČSB 329/1839  |p 17A0358048  |r 2026-02-21 20:05:21  |w 2026-02-21  |y PREZ  |z č. 1-104, (1839) 
952 |0 0  |1 0  |4 0  |7 0  |a SNK  |b SNK  |d 2006-12-06  |l 0  |o snkČSB 329/1840  |p 17A0358150  |r 2026-02-21 20:05:21  |w 2026-02-21  |y PREZ  |z č. 1-104, (1840) 
952 |0 0  |1 0  |4 0  |7 0  |a SNK  |b SNK  |d 2006-12-06  |l 0  |o snkČSB 329/1841  |p 17A0358148  |r 2026-02-21 20:05:21  |w 2026-02-21  |y PREZ  |z č. 1-104, (1841) 
952 |0 0  |1 0  |4 0  |7 0  |a SNK  |b SNK  |d 2006-12-06  |l 0  |o snkČSB 329/1842  |p 17A0358663  |r 2026-02-21 20:05:21  |w 2026-02-21  |y PREZ  |z č. 1- 148, (1842) 
952 |0 0  |1 0  |4 0  |7 0  |a SNK  |b SNK  |d 2006-12-06  |l 0  |o snkČSB 329/1843  |p 17A0358114  |r 2026-02-21 20:05:21  |w 2026-02-21  |y PREZ  |z č. 1-149 neúpl., (1843) 
952 |0 0  |1 0  |4 0  |7 0  |a SNK  |b SNK  |d 2006-12-06  |l 0  |o snkČSB 329/1844  |p 17A0358064  |r 2026-02-21 20:05:21  |w 2026-02-21  |y PREZ  |z č. 1-149, (1844) 
952 |0 0  |1 0  |4 0  |7 0  |a SNK  |b SNK  |d 2006-12-06  |l 0  |o snkČSB 329/1845  |p 17A0358476  |r 2026-02-21 20:05:21  |w 2026-02-21  |y PREZ  |z č. 1-148, (1845) 
952 |0 0  |1 0  |4 0  |7 0  |a SNK  |b SNK  |d 2006-12-06  |l 0  |o snkČSB 329/1845 D1  |p 17A0358033  |r 2026-02-21 20:05:21  |w 2026-02-21  |y PREZ  |z č. 1-148, (1845) 
952 |0 0  |1 0  |4 0  |7 0  |a SNK  |b SNK  |d 2006-12-06  |l 0  |o snkČSB 329/1845 D2  |p 17A0358063  |r 2026-02-21 20:05:21  |w 2026-02-21  |y PREZ  |z č. 46, (1845) 
952 |0 0  |1 0  |4 0  |7 0  |a SNK  |b SNK  |d 2006-12-06  |l 0  |o snkČSB 329/1859  |p 17A0358173  |r 2026-02-21 20:05:21  |w 2026-02-21  |y PREZ  |z č. 107, (1859) 
952 |0 0  |1 0  |4 0  |7 0  |a SNK  |b SNK  |d 2006-12-06  |l 0  |o snkČSB 329/1860  |p 17A0358448  |r 2026-02-21 20:05:24  |w 2026-02-21  |y PREZ  |z č. 247, (1860) 
952 |0 0  |1 0  |4 0  |7 0  |a SNK  |b SNK  |d 2006-12-06  |l 0  |o snkČSB 329/1861  |p 17A0358450  |r 2026-02-21 20:05:24  |w 2026-02-21  |y PREZ  |z č. 149-301, (1861) 
952 |0 0  |1 0  |4 0  |7 0  |a SNK  |b SNK  |d 2006-12-06  |l 0  |o snkČSB 329/1861 D1  |p 17A0358118  |r 2026-02-21 20:05:24  |w 2026-02-21  |y PREZ  |z č. 285, (1861) 
952 |0 0  |1 0  |4 0  |7 0  |a SNK  |b SNK  |d 2006-12-06  |l 0  |o snkČSB 329/1862  |p 17A0358054  |r 2026-02-21 20:05:24  |w 2026-02-21  |y PREZ  |z č. 1-299 
952 |0 0  |1 0  |4 0  |7 0  |a SNK  |b SNK  |d 2006-12-06  |l 0  |o snkČSB 329/1862 D1  |p 17A0358170  |r 2026-02-21 20:05:24  |w 2026-02-21  |y PREZ  |z č. 93, (1862) 
952 |0 0  |1 0  |4 0  |7 0  |a SNK  |b SNK  |d 2006-12-06  |l 0  |o snkČSB 329/1863  |p 17A0358171  |r 2026-02-21 20:05:24  |w 2026-02-21  |y PREZ  |z č. 196, (1863) 
952 |0 0  |1 0  |4 0  |7 0  |a SNK  |b SNK  |d 2006-12-06  |l 0  |o snkČSB 329/1865 D1  |p 17A0358158  |r 2026-02-21 20:05:24  |w 2026-02-21  |y PREZ  |z č. 120, (1865) 
952 |0 0  |1 0  |4 0  |7 0  |a SNK  |b SNK  |d 2006-12-06  |l 0  |o snkČSB 329/1867  |p 17A0358117  |r 2026-02-21 20:05:24  |w 2026-02-21  |y PREZ  |z č. 103, (1867) 
952 |0 0  |1 0  |4 0  |7 0  |a SNK  |b SNK  |d 2006-12-06  |l 0  |o snkČSB 329/1868 D1  |p 17A0358116  |r 2026-02-21 20:05:24  |w 2026-02-21  |y PREZ  |z č. 103, (1868) 
952 |0 0  |1 0  |4 0  |7 0  |a SNK  |b SNK  |d 2006-12-06  |l 0  |o snkČSB 329/1872  |p 17A0358149  |r 2026-02-21 20:05:24  |w 2026-02-21  |y PREZ  |z č. 94, (1872) 
952 |0 0  |1 0  |4 0  |7 0  |a SNK  |b SNK  |d 2006-12-06  |l 0  |o snkČSB 329/1873  |p 17A0358156  |r 2026-02-21 20:05:24  |w 2026-02-21  |y PREZ  |z č. 206, (1873) 
952 |0 0  |1 0  |4 0  |7 0  |a SNK  |b SNK  |d 2006-12-06  |l 0  |o snkČSB 329/111/1875  |p 17A0358350  |r 2026-02-21 20:05:24  |w 2026-02-21  |y PREZ  |z Jahr. 111, nr. 106, 218, (1875) 
952 |0 0  |1 0  |4 0  |7 0  |a SNK  |b SNK  |d 2006-12-06  |l 0  |o snkČSB 329/1876  |p 17A0358069  |r 2026-02-21 20:05:24  |w 2026-02-21  |y PREZ  |z č. 1-104, (1876) 
952 |0 0  |1 0  |4 0  |7 0  |a SNK  |b SNK  |d 2006-12-06  |l 0  |o snkČSB 329/113/1877  |p 17A0358123  |r 2026-02-21 20:05:25  |w 2026-02-21  |y PREZ  |z Jahr. 113, nr. 191, (1877) 
952 |0 0  |1 0  |4 0  |7 0  |a SNK  |b SNK  |d 2002-10-08  |l 0  |o snkČSB 329/1804  |p 17A0358041  |r 2005-01-02 00:00:00  |w 2026-02-21  |y PREZ 
952 |0 0  |1 0  |4 0  |7 0  |a SNK  |b SNK  |d 2006-12-06  |l 0  |o snkČSB 329/1842/1 D1  |p 17A0358058  |r 2026-02-21 20:08:42  |w 2026-02-21  |y PREZ  |z č. 1-72, (1842) 
952 |0 0  |1 0  |4 0  |7 0  |a SNK  |b SNK  |d 2006-12-06  |l 0  |o snkČSB 329/1843 D1  |p 17A0358059  |r 2026-02-21 20:08:42  |w 2026-02-21  |y PREZ  |z č. 83, (1843) 
952 |0 0  |1 0  |4 0  |7 0  |a SNK  |b SNK  |d 2006-12-06  |l 0  |o snkČSB 329/1835  |p 17A0358470  |r 2026-02-21 20:14:42  |w 2026-02-21  |y PREZ  |z č. 1-102, (1835) 
952 |0 0  |1 0  |4 0  |7 0  |a SNK  |b SNK  |d 2006-12-06  |l 0  |o snkČSB 329/1836  |p 17A0358417  |r 2026-02-21 20:14:42  |w 2026-02-21  |y PREZ  |z č. 1-103, (1836) 
952 |0 0  |1 0  |4 0  |7 0  |a SNK  |b SNK  |d 2002-10-08  |l 0  |o snkČSB 329/1794  |p 17A0358424  |r 2005-01-02 00:00:00  |w 2026-02-21  |y PREZ 
952 |0 0  |1 0  |4 0  |7 0  |a SNK  |b SNK  |d 2002-10-08  |l 0  |o snkČSB 329/1830  |p 17A0358401  |r 2005-01-02 00:00:00  |w 2026-02-21  |y PREZ 
952 |0 0  |1 0  |4 0  |7 0  |a SNK  |b SNK  |d 2002-10-08  |l 0  |o snkČSB 329/1792  |p 17A0358545  |r 2005-01-02 00:00:00  |w 2026-02-21  |y PREZ 
952 |0 0  |1 0  |4 0  |7 0  |a SNK  |b SNK  |d 2006-12-06  |l 0  |o snkČSB 329/124/1887  |p 17A0358066  |r 2026-02-21 20:22:15  |w 2026-02-21  |y PREZ  |z Jahr. 124, nr. 1-177, (1887) 
952 |0 0  |1 0  |4 0  |7 0  |a SNK  |b SNK  |d 1998-08-17  |l 0  |o snkČSB 329/1848/4  |p 17A0156340  |r 2005-01-02 00:00:00  |w 2026-02-21  |y PREZ 
952 |0 0  |1 0  |4 0  |7 0  |8 5  |a SNK  |b SNK  |d 2001-11-14  |i snkF 1481/81  |l 0  |o snkČSB 329/1849/1  |p 17A0321110  |r 2005-01-02 00:00:00  |w 2026-02-21  |y PREZ 
952 |0 0  |1 0  |4 0  |7 0  |8 5  |a SNK  |b SNK  |d 2001-11-14  |i snkF 1482/81  |l 0  |o snkČSB 329/1849/2  |p 17A0321337  |r 2005-01-02 00:00:00  |w 2026-02-21  |y PREZ 
952 |0 0  |1 0  |4 0  |7 0  |a SNK  |b SNK  |d 2002-02-22  |l 0  |o snkČSB 329/155/1918/4  |p 17A0335004  |r 2005-01-02 00:00:00  |w 2026-02-21  |y PREZ 
952 |0 0  |1 0  |4 0  |7 0  |a SNK  |b SNK  |d 2002-02-22  |l 0  |o snkČSB 329/156/1919  |p 17A0335017  |r 2005-01-02 00:00:00  |t č. 74-266  |w 2026-02-21  |y PREZ 
952 |0 0  |1 0  |4 0  |7 0  |a SNK  |b SNK  |d 2002-02-22  |l 0  |o snkČSB 329/158/1921  |p 17A0335022  |r 2005-01-02 00:00:00  |t č. 304,337  |w 2026-02-21  |y PREZ 
952 |0 0  |1 0  |4 0  |7 0  |a SNK  |b SNK  |d 2002-02-22  |l 0  |o snkČSB 329/164/1927  |p 17A0335013  |r 2005-01-02 00:00:00  |w 2026-02-21  |y PREZ 
952 |0 0  |1 0  |4 0  |7 0  |a SNK  |b SNK  |d 2002-02-22  |l 0  |o snkČSB 329/166/1929  |p 17A0335027  |r 2005-01-02 00:00:00  |w 2026-02-21  |y PREZ 
952 |0 0  |1 0  |4 0  |7 0  |a SNK  |b SNK  |d 1998-08-17  |l 0  |o snkČSB 329/1848  |p 17A0156440  |r 2005-01-02 00:00:00  |w 2026-02-21  |y PREZ 
952 |0 0  |1 0  |4 0  |7 0  |a SNK  |b SNK  |d 2002-10-08  |l 0  |o snkČSB 329/1774/83  |p 17A0358543  |r 2005-01-02 00:00:00  |w 2026-02-21  |y PREZ 
952 |0 0  |1 0  |4 0  |7 0  |a SNK  |b SNK  |d 2002-10-08  |l 0  |o snkČSB 329/1781  |p 17A0358605  |r 2005-01-02 00:00:00  |w 2026-02-21  |y PREZ 
952 |0 0  |1 0  |4 0  |7 0  |a SNK  |b SNK  |d 2002-10-08  |l 0  |o snkČSB 329/1788  |p 17A0358447  |r 2005-01-02 00:00:00  |w 2026-02-21  |y PREZ 
952 |0 0  |1 0  |4 0  |7 0  |a SNK  |b SNK  |d 2002-10-08  |l 0  |o snkČSB 329/1790  |p 17A0358446  |r 2005-01-02 00:00:00  |w 2026-02-21  |y PREZ 
952 |0 0  |1 0  |4 0  |7 0  |a SNK  |b SNK  |d 2002-10-08  |l 0  |o snkČSB 329/1791  |p 17A0358554  |r 2005-01-02 00:00:00  |w 2026-02-21  |y PREZ 
952 |0 0  |1 0  |4 0  |7 0  |a SNK  |b SNK  |d 2002-10-08  |l 0  |o snkČSB 329/1791/2 D1  |p 17A0358439  |r 2005-01-02 00:00:00  |w 2026-02-21  |y PREZ 
952 |0 0  |1 0  |4 0  |7 0  |a SNK  |b SNK  |d 2002-10-08  |l 0  |o snkČSB 329/1792/2 D1  |p 17A0358556  |r 2005-01-02 00:00:00  |w 2026-02-21  |y PREZ 
952 |0 0  |1 0  |4 0  |7 0  |a SNK  |b SNK  |d 2002-10-08  |l 0  |o snkČSB 329/1792 D2  |p 17A0358628  |r 2005-01-02 00:00:00  |w 2026-02-21  |y PREZ 
952 |0 0  |1 0  |4 0  |7 0  |a SNK  |b SNK  |d 2002-10-08  |l 0  |o snkČSB 329/1793  |p 17A0358426  |r 2005-01-02 00:00:00  |w 2026-02-21  |y PREZ 
952 |0 0  |1 0  |4 0  |7 0  |a SNK  |b SNK  |d 2002-10-08  |l 0  |o snkČSB 329/1794 D1  |p 17A0358430  |r 2005-01-02 00:00:00  |w 2026-02-21  |y PREZ 
952 |0 0  |1 0  |4 0  |7 0  |a SNK  |b SNK  |d 2002-10-08  |l 0  |o snkČSB 329/1795/1  |p 17A0358501  |r 2005-01-02 00:00:00  |w 2026-02-21  |y PREZ 
952 |0 0  |1 0  |4 0  |7 0  |a SNK  |b SNK  |d 2002-10-08  |l 0  |o snkČSB 329/1795/2  |p 17A0358463  |r 2005-01-02 00:00:00  |w 2026-02-21  |y PREZ 
952 |0 0  |1 0  |4 0  |7 0  |a SNK  |b SNK  |d 2002-10-08  |l 0  |o snkČSB 329/1803/2  |p 17A0358042  |r 2005-01-02 00:00:00  |w 2026-02-21  |y PREZ 
952 |0 0  |1 0  |4 0  |7 0  |a SNK  |b SNK  |d 2002-10-08  |l 0  |o snkČSB 329/1804/1 D2  |p 17A0358039  |r 2005-01-02 00:00:00  |w 2026-02-21  |y PREZ 
952 |0 0  |1 0  |4 0  |7 0  |a SNK  |b SNK  |d 2002-10-08  |l 0  |o snkČSB 329/1805/1  |p 17A0358038  |r 2005-01-02 00:00:00  |w 2026-02-21  |y PREZ 
952 |0 0  |1 0  |4 0  |7 0  |a SNK  |b SNK  |d 2002-10-08  |l 0  |o snkČSB 329/1805/2  |p 17A0358458  |r 2005-01-02 00:00:00  |w 2026-02-21  |y PREZ 
952 |0 0  |1 0  |4 0  |7 0  |a SNK  |b SNK  |d 2002-10-08  |l 0  |o snkČSB 329/1810  |p 17A0358037  |r 2005-01-02 00:00:00  |w 2026-02-21  |y PREZ 
952 |0 0  |1 0  |4 0  |7 0  |a SNK  |b SNK  |d 2002-10-08  |l 0  |o snkČSB 329/1813  |p 17A0358036  |r 2005-01-02 00:00:00  |w 2026-02-21  |y PREZ 
952 |0 0  |1 0  |4 0  |7 0  |a SNK  |b SNK  |d 2002-10-08  |l 0  |o snkČSB 329/1814  |p 17A0358035  |r 2005-01-02 00:00:00  |w 2026-02-21  |y PREZ 
952 |0 0  |1 0  |4 0  |7 0  |a SNK  |b SNK  |d 2002-10-08  |l 0  |o snkČSB 329/1817  |p 17A0358107  |r 2005-01-02 00:00:00  |w 2026-02-21  |y PREZ 
952 |0 0  |1 0  |4 0  |7 0  |a SNK  |b SNK  |d 2002-10-08  |l 0  |o snkČSB 329/1823  |p 17A0358505  |r 2005-01-02 00:00:00  |w 2026-02-21  |y PREZ 
952 |0 0  |1 0  |4 0  |7 0  |a SNK  |b SNK  |d 2002-10-08  |l 0  |o snkČSB 329/1824  |p 17A0358504  |r 2005-01-02 00:00:00  |w 2026-02-21  |y PREZ 
952 |0 0  |1 0  |4 0  |7 0  |a SNK  |b SNK  |d 2002-10-08  |l 0  |o snkČSB 329/1825/2  |p 17A0358490  |r 2005-01-02 00:00:00  |w 2026-02-21  |y PREZ 
952 |0 0  |1 0  |4 0  |7 0  |a SNK  |b SNK  |d 2002-10-08  |l 0  |o snkČSB 329/1826/2 D1  |p 17A0358459  |r 2005-01-02 00:00:00  |w 2026-02-21  |y PREZ 
952 |0 0  |1 0  |4 0  |7 0  |a SNK  |b SNK  |d 2002-10-08  |l 0  |o snkČSB 329/1826  |p 17A0358456  |r 2005-01-02 00:00:00  |w 2026-02-21  |y PREZ 
952 |0 0  |1 0  |4 0  |7 0  |a SNK  |b SNK  |d 2002-10-08  |l 0  |o snkČSB 329/1829  |p 17A0358492  |r 2005-01-02 00:00:00  |w 2026-02-21  |y PREZ 
952 |0 0  |1 0  |4 0  |7 0  |a SNK  |b SNK  |d 2002-10-08  |l 0  |o snkČSB 329/1830/1 D1  |p 17A0358502  |r 2005-01-02 00:00:00  |w 2026-02-21  |y PREZ 
952 |0 0  |1 0  |4 0  |7 0  |a SNK  |b SNK  |d 2002-10-08  |l 0  |o snkČSB 329/1831  |p 17A0358046  |r 2005-01-02 00:00:00  |w 2026-02-21  |y PREZ 
952 |0 0  |1 0  |4 0  |7 0  |a SNK  |b SNK  |d 2002-10-08  |l 0  |o snkČSB 329/1832  |p 17A0358057  |r 2005-01-02 00:00:00  |w 2026-02-21  |y PREZ 
952 |0 0  |1 0  |4 0  |7 0  |a SNK  |b SNK  |d 2002-10-08  |l 0  |o snkČSB 329/1832 D1  |p 17A0358468  |r 2005-01-02 00:00:00  |w 2026-02-21  |y PREZ 
952 |0 0  |1 0  |4 0  |7 0  |a SNK  |b SNK  |d 2002-10-08  |l 0  |o snkČSB 329/1833  |p 17A0358055  |r 2005-01-02 00:00:00  |w 2026-02-21  |y PREZ 
952 |0 0  |1 0  |4 0  |7 0  |a SNK  |b SNK  |d 2002-10-08  |l 0  |o snkČSB 329/1833 D1  |p 17A0358056  |r 2005-01-02 00:00:00  |w 2026-02-21  |y PREZ 
952 |0 0  |1 0  |4 0  |7 0  |a SNK  |b SNK  |d 2002-10-08  |l 0  |o snkČSB 329/1833/62 D1  |p 17A0358045  |r 2005-01-02 00:00:00  |w 2026-02-21  |y PREZ 
952 |0 0  |1 0  |4 0  |7 0  |8 5  |a SNK  |b SNK  |d 2002-10-08  |i snkF 1619/81  |l 0  |o snkČSB 329/148/1911  |p 17A0358065  |r 2005-01-02 00:00:00  |t č. 37, 56, 61, 191, neúplný  |w 2026-02-21  |y PREZ 
952 |0 0  |1 0  |4 0  |7 0  |8 5  |a SNK  |b SNK  |d 2002-10-08  |i snkF 1622/81  |l 0  |o snkČSB 329/153/1916  |p 17A0358053  |r 2005-01-02 00:00:00  |t č. 309, 316, 317, 322-331, 359;   |w 2026-02-21  |y PREZ 
952 |0 0  |1 0  |4 0  |7 0  |a SNK  |b SNK  |d 2006-12-06  |l 0  |o snkČSB 329/132/1895  |p 17A0358121  |r 2026-02-21 21:14:35  |w 2026-02-21  |y PREZ  |z Jahr. 132, nr. 156, 255, (1895) 
952 |0 0  |1 0  |4 0  |7 0  |a SNK  |b SNK  |d 2006-12-06  |l 0  |o snkČSB 329/1850  |p 17A0358172  |r 2026-02-21 21:20:26  |w 2026-02-21  |y PREZ  |z č. 134, (1850) 
952 |0 0  |1 0  |4 0  |7 0  |a SNK  |b SNK  |d 2006-12-06  |l 0  |o snkČSB 329/1851  |p 17A0358143  |r 2026-02-21 21:20:26  |w 2026-02-21  |y PREZ  |z č. 41, (1851) 
952 |0 0  |1 0  |4 0  |7 0  |8 5  |a SNK  |b SNK  |d 2002-10-08  |i snkF 1612/81  |l 0  |o snkČSB 329/126/1889  |p 17A0358115  |r 2005-01-02 00:00:00  |t č. 30-52, úplný  |w 2026-02-21  |y PREZ 
952 |0 0  |1 0  |4 0  |7 0  |a SNK  |b SNK  |d 2006-12-06  |l 0  |o snkČSB 329/1852  |p 17A0358153  |r 2026-02-21 21:20:26  |w 2026-02-21  |y PREZ  |z č. 41, (1852) 
952 |0 0  |1 0  |4 0  |7 0  |a SNK  |b SNK  |d 2006-12-06  |l 0  |o snkČSB 329/1857  |p 17A0358412  |r 2026-02-21 21:20:26  |w 2026-02-21  |y PREZ  |z č. 271, (1857) 
952 |0 0  |1 0  |4 0  |7 0  |a SNK  |b SNK  |d 2006-12-06  |l 0  |o snkČSB 329/1858  |p 17A0358119  |r 2026-02-21 21:20:26  |w 2026-02-21  |y PREZ  |z č. 72, 81, 106, (1858) 
952 |0 0  |1 0  |4 0  |7 0  |a SNK  |b SNK  |d 2006-12-06  |l 0  |o snkČSB 329/1846  |p 17A0358062  |r 2026-02-21 21:20:31  |w 2026-02-21  |y PREZ  |z č. 1-150, (1846) 
952 |0 0  |1 0  |4 0  |7 0  |a SNK  |b SNK  |d 2006-12-06  |l 0  |o snkČSB 329/1846 D1  |p 17A0358147  |r 2026-02-21 21:20:31  |w 2026-02-21  |y PREZ  |z č. 35, (1846) 
952 |0 0  |1 0  |4 0  |7 0  |a SNK  |b SNK  |d 2006-12-06  |l 0  |o snkČSB 329/1847  |p 17A0358187  |r 2026-02-21 21:20:31  |w 2026-02-21  |y PREZ  |z č. 1-150, (1847) 
952 |0 0  |1 0  |4 0  |7 0  |a SNK  |b SNK  |d 2006-12-06  |l 0  |o snkČSB 329/1847/1 D1  |p 17A0358204  |r 2026-02-21 21:20:31  |w 2026-02-21  |y PREZ  |z č. 1-114 neúpl., (1847) 
952 |0 0  |1 0  |4 0  |7 0  |a SNK  |b SNK  |d 2006-12-06  |l 0  |o snkČSB 329/1847/2 D2  |p 17A0358201  |r 2026-02-21 21:20:31  |w 2026-02-21  |y PREZ  |z č. 115-150, (1847/2) 
952 |0 0  |1 0  |4 0  |7 0  |a SNK  |b SNK  |d 2006-12-06  |l 0  |o snkČSB 329/1847/1 D2  |p 17A0358180  |r 2026-02-21 21:20:31  |w 2026-02-21  |y PREZ  |z č. 1-74, (1847/1) 
952 |0 0  |1 0  |4 0  |7 0  |a SNK  |b SNK  |d 2006-12-06  |l 0  |o snkČSB 329/1847/2 D2  |p 17A0358134  |r 2026-02-21 21:20:31  |w 2026-02-21  |y PREZ  |z č. 75-150, (1847/2) 
952 |0 0  |1 0  |4 0  |7 0  |a SNK  |b SNK  |d 2006-12-06  |l 0  |o snkČSB 329/1847 D2  |p 17A0358667  |r 2026-02-21 21:20:31  |w 2026-02-21  |y PREZ  |z č. 139, (1847) 
952 |0 0  |1 0  |4 0  |7 0  |a SNK  |b SNK  |d 2006-12-06  |l 0  |o snkČSB 329/1848 D1  |p 17A0358151  |r 2026-02-21 21:20:31  |w 2026-02-21  |y PREZ  |z č. 14-143 neúpl., (1848)